000 00566nam a2200169 i 4500
001 77531
003 ES-MaACL
005 20230906173248.0
007 t|
008 041020s1896 sp ||||1| spa d
100 1 _aAmante de la Nación.
_921109
245 1 0 _aEstudio de la guerra de Cuba
_b: sus errores /
_cpor un amante de la Nación.
260 _a[S.l. :
_bs.n.,
_c1896?]
300 _a16 p. ;
_c22 cm.
651 4 _aCuba-
_xHistoria-
_y1895-1898, Guerra de la Independencia.
_98096
852 _aES-MaACL
_jL-4908(15-1)
_q. - Carece de portada
999 _c77531
_d77531